Movies by Michael B. Jordan - Statistics

General Stats
  • This quiz has been taken 7 times
  • The average score is 10 of 23
Answer Stats
Picture Hint Answer % Correct
2023 Creed III
100%
2025 Sinners
100%
2018 Black Panther
83%
2015 Creed
83%
2018 Creed II
83%
2022 Black Panther: Wakanda Forever
67%
2015 Fant4stic
67%
2013 Justice League: The Flashpoint Paradox
50%
2021 Space Jam: A New Legacy
50%
2026 Swapped
50%
2021 A Journal for Jordan
17%
2007 Blackout
17%
2012 Chronicle
17%
2018 Fahrenheit 451
17%
2013 Fruitvale Station
17%
2001 Hardball
17%
2012 Hotel Noir
17%
2019 Just Mercy
17%
2018 Kin
17%
2009 Pastor Brown
17%
2012 Red Tails
17%
2014 That Awkward Moment
17%
2021 Tom Clancy’s Without Remorse
17%
No matching quizzes found
Score Distribution
Percent of People with Each Score
Percentile by Number Answered
Your Score History
You have not taken this quiz